El mercader de Venecia : (Registro nro. 4190)
[ vista simple ]
| 000 -LEADER | |
|---|---|
| fixed length control field | 01132nam a2200229Ia 4500 |
| 003 - CONTROL NUMBER IDENTIFIER | |
| control field | OSt |
| 005 - DATE AND TIME OF LATEST TRANSACTION | |
| control field | 20200903113308.0 |
| 008 - FIXED-LENGTH DATA ELEMENTS--GENERAL INFORMATION | |
| fixed length control field | 191128s1995 ch er 000 p spa d |
| 020 ## - INTERNATIONAL STANDARD BOOK NUMBER | |
| International Standard Book Number | 9561305347 |
| 040 ## - CATALOGING SOURCE | |
| Original cataloging agency | CO-JMCR |
| Transcribing agency | CO-JMCR |
| 041 ## - LANGUAGE CODE | |
| Language code of text/sound track or separate title | spa |
| 082 04 - DEWEY DECIMAL CLASSIFICATION NUMBER | |
| Classification number | T / |
| Item number | SHAm |
| 100 1# - MAIN ENTRY--PERSONAL NAME | |
| Personal name | Shakespeare, William, |
| Relator term | 1564-1616 |
| 9 (RLIN) | 9696 |
| 245 #0 - TITLE STATEMENT | |
| Title | El mercader de Venecia : |
| Remainder of title | sueño de una noche de verano : textos completos / |
| Statement of responsibility, etc. | William Shakespeare ; prólogo de Nelly Donoso ; versión castellana de Guillermo Macpherson |
| 250 ## - EDITION STATEMENT | |
| Edition statement | Tercera edición |
| 260 ## - PUBLICATION, DISTRIBUTION, ETC. | |
| Place of publication, distribution, etc. | Santiago de Chile : |
| Name of publisher, distributor, etc. | Andrés Bello, |
| Date of publication, distribution, etc. | ©1995 |
| 300 ## - PHYSICAL DESCRIPTION | |
| Extent | 163 páginas ; |
| Dimensions | 19 cm. |
| 505 ## - FORMATTED CONTENTS NOTE | |
| Formatted contents note | El mercader de Venecia -- Sueño de ua noche de Verano -- La comedia, por Carlos Ilturra -- Guía de trabajo |
| 520 ## - SUMMARY, ETC. | |
| Summary, etc. | El mercader de Venecia es uns de las comedias más renombradas y valiosas de William Shekespeare, en la que ela utor demuestra tan magnífico comediante como trágico. La acción se desarrolla en dos ejes: la fealdad moral de Shylock y el obstaculizaado amor |
| 650 14 - SUBJECT ADDED ENTRY--TOPICAL TERM | |
| Topical term or geographic name entry element | Teatro basado en literatura inglesa |
| Chronological subdivision | Siglo XVII |
| 9 (RLIN) | 9697 |
| 942 ## - ADDED ENTRY ELEMENTS (KOHA) | |
| Source of classification or shelving scheme | Dewey Decimal Classification |
| Koha item type | Books |
| Withdrawn status | Lost status | Source of classification or shelving scheme | Damaged status | Not for loan | Collection code | Home library | Current library | Date acquired | Source of acquisition | Full call number | Barcode | Date last seen | Copy number | Koha item type |
|---|---|---|---|---|---|---|---|---|---|---|---|---|---|---|
| Dewey Decimal Classification | Fiction | Biblioteca Pública José María del Castillo y Rada | Biblioteca Pública José María del Castillo y Rada | 11/28/2019 | Donación | T / SHAm | 201809015 | 11/28/2019 | Ej.1 | Books |